[Event "CAN-ch U08"]
[Site "Sault Ste Marie"]
[Date "2017.07.08"]
[Round "5"]
[White "De Leon, Rut Jurry"]
[Black "Deng, Henry"]
[Result "1-0"]
[WhiteElo "736"]
[BlackElo "1014"]
[PlyCount "55"]
[EventDate "2017.07.06"]
[EventType "swiss"]
[EventRounds "7"]
[EventCountry "CAN"]
[SourceTitle "EXT 2022"]
[Source "ChessBase"]
[SourceDate "2021.10.06"]
[SourceVersion "1"]
[SourceVersionDate "2021.10.06"]
[SourceQuality "1"]

1. d4 d5 2. c4 c6 3. Nc3 Nf6 4. Bg5 Bf5 5. Nf3 h6 6. Bh4 g5 7. Bg3 e6 8. e3 Na6 9. Be2 Nb4 10. 0-0 Be7 11. a3 Nc2 12. Rc1 0-0 13. Rxc2 Bxc2 14. Qxc2 Ng4 15. h3 h5 16. hxg4 hxg4 17. Nh2 Bd6 18. f4 gxf4 19. exf4 Kg7 20. Bxg4 Rh8 21. Qd3 Qg8 22. f5 exf5 23. Bxd6 Rd8 24. Be5+ f6 25. Bxf6+ Kxf6 26. Qxf5+ Ke7 27. Qe5+ Qe6 28. Qxe6# 1-0

[Event "CAN-ch U08"]
[Site "Sault Ste Marie"]
[Date "2017.07.07"]
[Round "4"]
[White "Huang, Winston1111"]
[Black "De Leon, Rut Jurry"]
[Result "0-1"]
[WhiteElo "586"]
[BlackElo "736"]
[PlyCount "154"]
[EventDate "2017.07.06"]
[EventType "swiss"]
[EventRounds "7"]
[EventCountry "CAN"]
[SourceTitle "EXT 2022"]
[Source "ChessBase"]
[SourceDate "2021.10.06"]
[SourceVersion "1"]
[SourceVersionDate "2021.10.06"]
[SourceQuality "1"]

1. e4 e5 2. Nf3 Nc6 3. Nc3 Nf6 4. Bc4 Nxe4 5. Nxe4 d5 6. Bxd5 Qxd5 7. Nc3 Qd6 8. Nb5 Qd8 9. d3 Bg4 10. Be3 a6 11. Nc3 Bb4 12. a3 Bd6 13. Bg5 Be7 14. Bxe7 Qxe7 15. Nd5 Qd7 16. Ne3 Bh5 17. Nxe5 Nxe5 18. Qxh5 Ng6 19. Qg4 Qxg4 20. Nxg4 0-0-0 21. 0-0-0 Ne7 22. Ne5 Rhf8 23. Rhe1 Rde8 24. d4 f6 25. Nc4 Nf5 26. Rxe8+ Rxe8 27. g4 Nh6 28. f3 Re2 29. h3 Rh2 30. f4 Rxh3 31. g5 fxg5 32. fxg5 Nf5 33. d5 Rg3 34. d6 cxd6 35. Nxd6+ Nxd6 36. Rxd6 Rxg5 37. b4 h5 38. a4 h4 39. b5 axb5 40. axb5 h3 41. Rd2 Rh5 42. Rh2 Kd7 43. Kd2 Ke6 44. Ke2 Kf5 45. Kf3 g5 46. Kg3 g4 47. c4 Ke4 48. Kxg4 Rc5 49. Rxh3 Rxc4 50. Rh7 Kd5+ 51. Kg5 b6 52. Rb7 Kc5 53. Rc7+ Kxb5 54. Rxc4 Kxc4 55. Kf4 b5 56. Ke3 Kc3 57. Ke2 Kc2 58. Ke3 b4 59. Kd4 b3 60. Kc4 b2 61. Kd4 b1Q 62. Kd5 Qb4 63. Ke5 Qc4 64. Kf6 Qd5 65. Ke7 Qf5 66. Kd6 Qe4 67. Kc5 Qd3 68. Kc6 Qd4 69. Kb5 Qc3 70. Kb6 Qc4 71. Ka5 Qb3 72. Ka6 Kc3 73. Ka5 Kc4 74. Ka6 Kc5 75. Ka7 Kc6 76. Ka8 Kc7 77. Ka7 Qb7# 0-1